<?xml version="1.0" encoding="UTF-8"?>
<collection xmlns="http://www.loc.gov/MARC21/slim">
 <record>
  <leader>01153cam a22002772 c4500</leader>
  <controlfield tag="001">888371071</controlfield>
  <controlfield tag="003">DE-627</controlfield>
  <controlfield tag="005">20200625130115.0</controlfield>
  <controlfield tag="007">tu</controlfield>
  <controlfield tag="008">170517s1998    xx |||||      00| ||und c</controlfield>
  <datafield tag="035" ind1=" " ind2=" ">
   <subfield code="a">(DE-627)888371071</subfield>
  </datafield>
  <datafield tag="035" ind1=" " ind2=" ">
   <subfield code="a">(DE-576)988837107X</subfield>
  </datafield>
  <datafield tag="035" ind1=" " ind2=" ">
   <subfield code="a">(DE-599)GBV888371071</subfield>
  </datafield>
  <datafield tag="040" ind1=" " ind2=" ">
   <subfield code="a">DE-627</subfield>
   <subfield code="b">ger</subfield>
   <subfield code="c">DE-627</subfield>
   <subfield code="e">rakwb</subfield>
  </datafield>
  <datafield tag="245" ind1="1" ind2="0">
   <subfield code="a">Castellologica bohemica</subfield>
   <subfield code="n">1998</subfield>
  </datafield>
  <datafield tag="250" ind1=" " ind2=" ">
   <subfield code="a">6</subfield>
  </datafield>
  <datafield tag="264" ind1=" " ind2="1">
   <subfield code="c">1998</subfield>
  </datafield>
  <datafield tag="336" ind1=" " ind2=" ">
   <subfield code="a">Text</subfield>
   <subfield code="b">txt</subfield>
   <subfield code="2">rdacontent</subfield>
  </datafield>
  <datafield tag="337" ind1=" " ind2=" ">
   <subfield code="a">ohne Hilfsmittel zu benutzen</subfield>
   <subfield code="b">n</subfield>
   <subfield code="2">rdamedia</subfield>
  </datafield>
  <datafield tag="338" ind1=" " ind2=" ">
   <subfield code="a">Band</subfield>
   <subfield code="b">nc</subfield>
   <subfield code="2">rdacarrier</subfield>
  </datafield>
  <datafield tag="773" ind1="1" ind2="8">
   <subfield code="w">(DE-627)170822060</subfield>
   <subfield code="w">(DE-576)038688433</subfield>
   <subfield code="w">(DE-600)1111226-8</subfield>
   <subfield code="x">1211-6831</subfield>
   <subfield code="g">1998</subfield>
   <subfield code="q">1998</subfield>
   <subfield code="7">|||s</subfield>
  </datafield>
  <datafield tag="787" ind1="0" ind2="8">
   <subfield code="i">Rezensiert in</subfield>
   <subfield code="a">Meckseper, Cord, 1934 - </subfield>
   <subfield code="t">[Rezension von: Archeologický ústav AV ČR Praha (Herausgeber): Castellologica Bohemica 6, l-ll.]</subfield>
   <subfield code="d">Braubach : Deutsche Burgenvereinigung, 2000</subfield>
   <subfield code="w">(DE-627)168008268X</subfield>
  </datafield>
  <datafield tag="787" ind1="0" ind2="8">
   <subfield code="i">Rezensiert in</subfield>
   <subfield code="a">Uhl, Stefan, 1965 - </subfield>
   <subfield code="t">[Rezension von: Tomáš Durdík (Hrsg.), Castellologica bohemica, Band 6]</subfield>
   <subfield code="d">Braubach : Europäisches Burgeninstitut, 1999</subfield>
   <subfield code="w">(DE-627)1702159000</subfield>
  </datafield>
  <datafield tag="951" ind1=" " ind2=" ">
   <subfield code="a">JV</subfield>
  </datafield>
  <datafield tag="991" ind1=" " ind2=" ">
   <subfield code="a">Rezensiertes Werk</subfield>
  </datafield>
  <datafield tag="999" ind1=" " ind2=" ">
   <subfield code="a">KXP-PPN888371071</subfield>
   <subfield code="e">4008893253</subfield>
  </datafield>
 </record>
</collection>
